Statistics for Taylor Swift - Innocent Lyrics

Click here to take the quiz!

General Stats

  • This quiz has been taken 120 times
  • The average score is 266 of 314

Answer Stats

Answer% Correct
I
100%
in
99%
innocent
99%
a
97%
an
97%
are
97%
is
97%
not
97%
who
97%
Who
97%
you
97%
You
97%
you?
97%
Your
97%
your
97%
You're
97%
still
96%
to
96%
be
94%
it
94%
It's
93%
Oh
93%
oh
93%
And
91%
and
91%
been
91%
Did
91%
did
91%
me
91%
up
90%
what
90%
you've
90%
now
89%
where
89%
of
87%
see
87%
alright
86%
just
86%
too
86%
32
84%
on
84%
wait
84%
when
84%
bright
83%
the
83%
this
83%
Time
83%
time
83%
growing
81%
okay
81%
string
81%
back
80%
days?
80%
have
80%
life
80%
lights
80%
never
80%
tough
80%
crowd
79%
get
79%
Wasn't
79%
You'll
79%
easier
77%
late
77%
lunchbox
77%
new
77%
really
77%
mind
76%
guess
74%
some
74%
believed
73%
bigger
73%
brand
73%
everything
73%
everything?
73%
into
73%
like
73%
Lost
73%
tightrope
73%
Always
71%
balance
71%
turns
71%
all
70%
everybody
70%
Everyone
70%
Septembers
70%
tryin'
70%
catchin'
69%
crawl
69%
flames
69%
has
69%
out
69%
remember
69%
beautiful
67%
bed
67%
But
67%
change
67%
hope
67%
know
67%
messed
67%
us
67%
firefly
66%
yourself
66%
can't
64%
embers
64%
If
64%
weather
64%
Someone
63%
warpath
63%
down
61%
reach
61%
things
61%
today
60%
at
59%
brought
59%
floor
59%
speak
59%
asleep
57%
fell
57%
monsters
57%
again
56%
only
56%
Before
54%
Left
54%
night
54%
wouldn't
54%
caught
53%
seen
53%
had
51%
live
51%
runnin'
51%
wild
51%
'til
50%
shattered
49%
Minds
44%

Score Distribution

Percentile by Number Answered

Percent of People with Each Score

Your Score History

You have not taken this quiz